Najdroższe transfery Chelsea w historii. - Statystyki

Ogólne statystyki
  • Ten quiz został rozwiązany 563 razy
  • Średni wynik to 8 z 10
Statystyki odpowiedzi
Sezon Cena Kraj Poprzedni klub Piłkarz % Poprawnych
20/21 80 mln Niemcy Bayer Leverkusen Havertz
96%
18/19 64 mln USA Borussia Dortmund Pulisic
94%
19/20 45 mln Chorwacja Real Madryt Kovacic
93%
20/21 53 mln Niemcy RB Lipsk Werner
90%
18/19 80 mln Hiszpania Athletic Bilbao Kepa
89%
06/07 44 mln Ukraina AC Milan Shevchenko
82%
18/19 57 mln Włochy Napoli Jorginho
80%
10/11 59 mln Hiszpania Liverpool Torres
79%
20/21 50 mln Anglia Leicester Chilwell
60%
17/18 66 mln Hiszpania Real Madryt Morata
58%
Nie znaleziono quizów pasujących do podanych kryteriów
Rozkład punktacji
Procent ludzi z każdym wynikiem
Percentyl według liczby udzielonych odpowiedzi
Twoja historia wyników
Nie rozwiązałeś tego quizu